Segundo módulo Taller de Proyectos 2: el territorio.Travesías bajo la Cruz del Sur: una reflexión arquitectónica. 1984-2004
Сохранить в:
| Главный автор: | |
|---|---|
| Формат: | |
| Язык: | испанский |
| Опубликовано: |
Valparaíso
Universidad Católica de Valparaíso
2004
|
| Предметы: | |
| Метки: |
Добавить метку
Нет меток, Требуется 1-ая метка записи!
|
MARC
| LEADER | 00000cam a2200000 a 4500 | ||
|---|---|---|---|
| 001 | UCG9053 | ||
| 003 | CL-VaPUC | ||
| 008 | 120120e20040000CL |||||||||||||||||spa|d | ||
| 082 | 0 | 4 | |a 741.6 |b PUR |2 21 |
| 100 | |a Purcell Fricke, Juan Eduardo |e autor |9 535605 | ||
| 245 | 1 | 0 | |a Segundo módulo Taller de Proyectos 2: el territorio.Travesías bajo la Cruz del Sur: una reflexión arquitectónica. 1984-2004 |
| 300 | |a 287 h | ||
| 942 | |c BK | ||
| 945 | |d 20120120 00:00:00 |a dcastane | ||
| 260 | |a Valparaíso |b Universidad Católica de Valparaíso |c 2004 | ||
| 500 | |a Esta obra reune 15 travesías, de profesores, para ser mostradas como material docente de la Carrera de Magíster en Arquitectura y Diseño, meción Ciudad y Territorio | ||
| 600 | 0 | 7 | |a AMEREIDA |2 CL-VaPUC |9 490258 |
| 650 | 7 | |a TRAVESIAS |2 CL-VaPUC |9 553396 | |
| 650 | 7 | |a BITACORA |2 CL-VaPUC |9 371736 | |
| 650 | 0 | |a Viajes y descripciones |9 363745 | |
| 650 | 0 | |a Cartografía |9 266055 | |
| 651 | 0 | |a América Latina |9 255027 | |
| 583 | |a last modification |c 20120120 10:38:00 |k Rodrigo Vera | ||
| 999 | |c 346629 |d 346627 | ||
| 952 | |0 0 |1 0 |4 0 |6 741_600000000000000_PUR_2004 |7 0 |8 R |9 447425 |a BIBARQ |b BIBARQ |d 2019-11-22 |i 4818555 |l 1 |o 741.6 PUR 2004 |p 4818555 |r 2025-01-20 |s 2022-08-25 |w 2019-11-22 |y BK_R |k ARQ | ||